| 000 | 01063cam a2200337 4500 | ||
|---|---|---|---|
| 999 |
_c23119 _d23119 |
||
| 001 | vtls011745604 | ||
| 005 | 20220131100650.0 | ||
| 008 | 210624s2018 xr er 010 fdslo | ||
| 020 |
_a9788075840462 _q(viazané) |
||
| 035 | _a4128623F-3CE6-4D5C-A785-6E638A85612D | ||
| 035 | _aurn:nbn:sk:snk-am3iebg | ||
| 035 | _aurn:nbn:sk:snk-am00e6rp | ||
| 040 |
_aTTKJF _bslo _dTTKJF _dSNK _erda _cSNK |
||
| 041 | 0 | _aslo | |
| 044 |
_axr _cCZ |
||
| 072 | 7 |
_a821.162.4-3 _xSlovenská próza _2konspekt |
|
| 080 |
_a821.162.4-31 _22011 |
||
| 100 | 1 |
_aHavranová, Mária _4aut _92625 |
|
| 245 | 1 | 0 |
_aNad priepasťou _cMária Havranová |
| 250 | _aPrvé vydanie | ||
| 264 | 1 |
_aPraha _bNakladatelství Brána _c2018 |
|
| 300 |
_a237 strán _c19 cm |
||
| 336 |
_atext _btxt _2rdacontent |
||
| 337 |
_abez média _bn _2rdamedia |
||
| 338 |
_azväzok _bnc _2rdacarrier |
||
| 500 | _aObsahuje biografické údaje o autorke na prebale publikácie | ||
| 655 | 7 |
_aslovenské romány _2SNKPH _91694 |
|
| 655 | 7 |
_aSlovak fiction _2SNKPHeng _91695 |
|
| 958 | _aZS | ||
| 958 | _aLX | ||